[Event "World Rapid Team 2023"]
[Site "Dusseldorf GER"]
[Date "2023.08.28"]
[Round "11.10"]
[Board "6"]
[White "Andrade, Ruben"]
[Black "Spiegelberg, Silvia"]
[Result "0-1"]
[WhiteElo "1797"]
[BlackElo "1934"]
[WhiteTeam "Deutsche Schachjugend 1"]
[BlackTeam "Heilbronn Hustlers"]
[WhiteFideId "16246829"]
[BlackFideId "24654450"]
[EventDate "2023.08.26"]

1. e4 e5 2. Bc4 Nf6 3. d3 d5 4. exd5 Nxd5 5. Qf3 Be6 6. Qg3 Nd7 7. Nf3 f6 8. O-O
N7b6 9. Bb3 Qd7 10. c3 Bd6 11. Qh4 O-O-O 12. Qe4 Bf5 13. Qe2 Rhe8 14. Nbd2 Nf4
15. Qe3 Bxd3 16. Rd1 Qg4 17. g3 e4 18. Nd4 Nbd5 19. Qe1 Qh3 20. gxf4 Nxf4 21.
Be6+ Rxe6 0-1

[Event "World Rapid Team 2023"]
[Site "Dusseldorf GER"]
[Date "2023.08.28"]
[Round "11.11"]
[Board "1"]
[White "Seel, Christian"]
[Black "Lubbe, Nikolas"]
[Result "0-1"]
[WhiteTitle "IM"]
[BlackTitle "IM"]
[WhiteElo "2477"]
[BlackElo "2501"]
[WhiteTeam "Aachener Schachverein von 1856"]
[BlackTeam "Team Chessemy.com"]
[WhiteFideId "4663098"]
[BlackFideId "4694031"]
[EventDate "2023.08.26"]

1. c4 e6 2. Nf3 d5 3. e3 Nf6 4. b3 Be7 5. Bb2 O-O 6. Be2 b6 7. O-O Bb7 8. cxd5
exd5 9. d4 Nbd7 10. Nbd2 Bd6 11. Ne5 Qe7 12. Ndf3 Ne4 13. Rc1 f6 14. Nd3 a5 15.
a4 Rae8 16. g3 Nb8 17. Re1 Bc8 18. Nf4 c6 19. Bf1 g5 20. Nd3 h5 21. Bg2 Qh7 22.
Ra1 Bf5 23. Bf1 h4 24. Ba3 hxg3 25. fxg3 Bxa3 26. Rxa3 Kg7 27. Qc1 Nxg3 28. hxg3
Bxd3 29. Bg2 Rh8 30. Ra2 Qf5 31. Qa3 Be4 32. Rf2 Qe6 33. Ref1 Rh6 34. b4 Qd6 35.
Rb2 Na6 36. Qc3 Nxb4 37. Ne5 0-1

[Event "World Rapid Team 2023"]
[Site "Dusseldorf GER"]
[Date "2023.08.28"]
[Round "11.11"]
[Board "2"]
[White "Koellner, Ruben Gideon"]
[Black "Koch, Thomas1"]
[Result "1/2-1/2"]
[WhiteTitle "IM"]
[BlackTitle "IM"]
[WhiteElo "2478"]
[BlackElo "2426"]
[WhiteTeam "Team Chessemy.com"]
[BlackTeam "Aachener Schachverein von 1856"]
[WhiteFideId "12993093"]
[BlackFideId "4600533"]
[EventDate "2023.08.26"]

1. d4 Nf6 2. Nf3 e6 3. Bg5 h6 4. Bh4 c5 5. e3 Nc6 6. c3 cxd4 7. exd4 Be7 8. Nbd2
b6 9. Bd3 Bb7 10. Bxf6 Bxf6 11. Qe2 Qc7 12. h4 g6 13. Nc4 Ne7 14. Ne3 Bg7 15.
O-O-O O-O-O 16. Kb1 Kb8 17. Rc1 f5 18. Nc4 Nd5 19. g3 Ne7 20. Rhe1 Nc6 21. Nce5
Nxe5 22. Nxe5 Bxe5 23. Qxe5 Qxe5 24. dxe5 g5 25. hxg5 hxg5 26. Rcd1 Rh2 27. Rd2
Bc6 28. b3 Rdh8 29. Kb2 Rh1 30. Ree2 R8h2 31. a4 Rf1 32. Rc2 f4 33. gxf4 gxf4
34. Bb5 f3 35. Red2 Bxb5 36. axb5 Kc7 37. c4 Re1 38. Rd3 Rxe5 39. Rxf3 Rhh5 40.
Rf7 Ref5 41. Rg7 Rhg5 42. Re7 Kd8 43. Rh7 Rh5 44. Rxh5 Rxh5 45. Rc3 a6 46. bxa6
Ra5 47. Rd3 Rxa6 48. Rd6 Ra5 49. Rxb6 Rf5 50. Rb8+ Kc7 51. Re8 Rxf2+ 52. Kc3
Rf3+ 53. Kb4 Kc6 54. Rc8+ Kb7 55. Rc5 d6 56. Rb5+ Kc6 57. Ra5 Kb6 58. Ra8 Kc6
59. Ra6+ Kc7 60. Ka4 Rf4 61. Kb5 Rf5+ 62. Kb4 Rf3 63. Ra7+ Kc6 64. Re7 Re3 65.
Ka4 Re4 66. Ka3 Re3 67. Kb2 Re2+ 68. Kc3 Re3+ 69. Kc2 Kc5 70. Kb2 Re2+ 71. Ka3
Re3 72. Rc7+ Kb6 73. Rc8 Kb7 74. Rh8 Kc6 75. Rh5 Kb6 76. Kb2 Kc6 77. Kc2 d5 78.
cxd5+ exd5 79. Rh8 Kc5 80. Rc8+ Kb5 81. Rc7 1/2-1/2

[Event "World Rapid Team 2023"]
[Site "Dusseldorf GER"]
[Date "2023.08.28"]
[Round "11.11"]
[Board "3"]
[White "Klein, Felix"]
[Black "Carlstedt, Jonathan"]
[Result "1/2-1/2"]
[WhiteTitle "FM"]
[BlackTitle "IM"]
[WhiteElo "2300"]
[BlackElo "2453"]
[WhiteTeam "Aachener Schachverein von 1856"]
[BlackTeam "Team Chessemy.com"]
[WhiteFideId "24600458"]
[BlackFideId "24614386"]
[EventDate "2023.08.26"]

1. d4 d5 2. c4 e6 3. Nf3 Nf6 4. Nc3 c5 5. cxd5 exd5 6. Bg5 Be6 7. Bxf6 Qxf6 8.
e4 Nd7 9. Nxd5 Bxd5 10. exd5 cxd4 11. Bb5 O-O-O 12. O-O Kb8 13. Qxd4 Qxd4 14.
Nxd4 Nb6 15. Rad1 Rxd5 16. Be2 g6 17. Bf3 Rd7 18. Nb5 Bc5 19. a3 a6 20. Rxd7
Nxd7 21. Nc3 Ne5 22. Be2 Bd4 23. Rd1 Rd8 24. Ne4 Kc7 25. b4 h6 26. Kf1 f5 27.
Nd2 Nc6 28. b5 axb5 29. Bxb5 Bc3 30. Bxc6 bxc6 31. Ke2 Ra8 32. Nc4 Ra4 33. Kd3
Bf6 34. Re1 Ra8 35. Re6 Rd8+ 36. Ke2 Rf8 37. Na5 Kd7 38. Rxc6 Bd8 39. Ra6 Rg8
40. Nc4 Bc7 41. h4 h5 42. Ne3 Bd6 43. Kf3 Rb8 44. g3 Rb3 45. a4 Ra3 46. Kg2 Ra2
47. Kf3 Ra3 48. Ra7+ Ke6 49. a5 Bc5 50. Ra6+ Kf7 51. Kf4 Ra4+ 52. Kf3 Ra3 53.
Ra8 Kg7 54. a6 Bb6 55. Kf4 Ra4+ 56. Kf3 Ra3 57. Kf4 Ra4+ 1/2-1/2

[Event "World Rapid Team 2023"]
[Site "Dusseldorf GER"]
[Date "2023.08.28"]
[Round "11.11"]
[Board "4"]
[White "Rafiee, Makan"]
[Black "Ahn, Martin"]
[Result "1-0"]
[WhiteTitle "FM"]
[BlackTitle "FM"]
[WhiteElo "2279"]
[BlackElo "2153"]
[WhiteTeam "Team Chessemy.com"]
[BlackTeam "Aachener Schachverein von 1856"]
[WhiteFideId "24609340"]
[BlackFideId "200972"]
[EventDate "2023.08.26"]

1. e4 c5 2. Nf3 g6 3. d4 cxd4 4. Nxd4 Bg7 5. c4 Qa5+ 6. Nc3 Nf6 7. f3 Nc6 8. Nc2
O-O 9. Be2 e6 10. O-O d5 11. cxd5 exd5 12. Nxd5 Nxd5 13. Qxd5 Qxd5 14. exd5 Nd4
15. Nxd4 Bxd4+ 16. Kh1 Bf5 17. Rd1 Bf6 18. Bd3 Bxd3 19. Rxd3 Rac8 20. Bh6 Bxb2
21. Rb1 Bg7 22. Bg5 Rc7 23. d6 Rd7 24. Be7 Re8 25. Ra3 b6 26. Kg1 Bf8 27. Bxf8
Kxf8 28. Rd3 Re6 29. Rbd1 f5 30. Kf2 Kf7 31. g4 Kf6 32. h4 h6 33. Rd5 Re5 34.
g5+ hxg5 35. hxg5+ Ke6 36. R5d4 Kf7 37. Kg3 Ra5 38. R1d2 Rc5 39. Kf4 b5 40. Rh2
Kg7 41. Re2 Kf7 42. Re5 Rc4 43. Rxc4 bxc4 44. Rc5 Rxd6 45. Ke5 Rd7 46. Rxc4 Ke7
47. Rc6 Kf7 48. Rf6+ Kg7 49. f4 Rb7 50. a4 Rb4 51. Ra6 Rb7 52. Ke6 Rc7 53. a5
Rb7 54. Rd6 Rf7 55. Rd7 Rxd7 56. Kxd7 Kf7 57. a6 Kf8 58. Ke6 Kg7 59. Ke7 Kh8 60.
Kf6 Kh7 61. Kf7 Kh8 62. Kxg6 Kg8 63. Kxf5 1-0

[Event "World Rapid Team 2023"]
[Site "Dusseldorf GER"]
[Date "2023.08.28"]
[Round "11.11"]
[Board "5"]
[White "Ahn, Maximilian"]
[Black "Lubbe, Melanie"]
[Result "1/2-1/2"]
[BlackTitle "WGM"]
[WhiteElo "1690"]
[BlackElo "2256"]
[WhiteTeam "Aachener Schachverein von 1856"]
[BlackTeam "Team Chessemy.com"]
[WhiteFideId "255840"]
[BlackFideId "4690745"]
[EventDate "2023.08.26"]

1. e4 c5 2. Nc3 d6 3. d4 cxd4 4. Qxd4 a6 5. b3 Nc6 6. Qd2 g6 7. Bb2 Bg7 8. O-O-O
Nf6 9. f3 h5 10. Nge2 b5 11. Kb1 O-O 12. Nd5 Nxd5 13. Bxg7 Kxg7 14. exd5 Ne5 15.
Nc3 Bf5 16. h3 Rc8 17. g4 Bxc2+ 18. Qxc2 b4 19. f4 Rxc3 20. Qe4 Nd7 21. gxh5 Nf6
22. Qxb4 Rg3 23. hxg6 fxg6 24. Qd4 Qa5 25. Bc4 Rg2 26. a4 Rb8 27. Rhg1 Rxg1 28.
Rxg1 Kf7 29. Ka2 Qb6 30. Qxb6 Rxb6 31. Bd3 Nxd5 32. Bxg6+ Kf6 33. f5 Ne3 34. Re1
Nxf5 35. Bxf5 Kxf5 36. Rxe7 d5 37. Rd7 Ke4 38. Kb2 Rh6 39. b4 d4 40. Kc2 Rxh3
41. b5 Rh2+ 42. Kd1 axb5 43. axb5 Kd3 44. Ke1 Rb2 45. Rd5 Kc4 46. Rh5 d3 47. Rh8
Rxb5 48. Rc8+ Kd4 49. Rd8+ Kc3 50. Rc8+ Kd4 51. Rd8+ Rd5 52. Rxd5+ Kxd5 53. Kd2
Kd4 54. Kd1 Kc4 55. Kd2 Kd4 56. Kd1 Ke3 57. Ke1 d2+ 58. Kd1 Kd3 1/2-1/2

[Event "World Rapid Team 2023"]
[Site "Dusseldorf GER"]
[Date "2023.08.28"]
[Round "11.11"]
[Board "6"]
[White "Rennkamp, David"]
[Black "Ahn, Anastasia"]
[Result "1-0"]
[WhiteElo "1738"]
[BlackElo "1592"]
[WhiteTeam "Team Chessemy.com"]
[BlackTeam "Aachener Schachverein von 1856"]
[WhiteFideId "16249526"]
[BlackFideId "252220"]
[EventDate "2023.08.26"]

1. e4 c5 2. Nc3 Nc6 3. g3 g6 4. Bg2 Bg7 5. d3 d6 6. f4 e6 7. Nf3 Nge7 8. O-O O-O
9. Be3 Nd4 10. Rb1 Rb8 11. Ne2 Ndc6 12. c3 b5 13. d4 cxd4 14. Nexd4 a5 15. Nxc6
Nxc6 16. Nd4 Ne7 17. Qd3 b4 18. Rfd1 e5 19. Ne2 d5 20. exd5 Bf5 21. Be4 Qd7 22.
Bc5 Rfc8 23. Bxe7 Bxe4 24. Qxe4 Qxe7 25. fxe5 Qxe5 26. Qxe5 Bxe5 27. Kf1 bxc3
28. bxc3 Rxb1 29. Rxb1 Bxc3 30. Rc1 1-0

[Event "World Rapid Team 2023"]
[Site "Dusseldorf GER"]
[Date "2023.08.28"]
[Round "11.12"]
[Board "1"]
[White "Fromm, Marius"]
[Black "Adly, Ahmed"]
[Result "0-1"]
[WhiteTitle "FM"]
[BlackTitle "GM"]
[WhiteElo "2458"]
[BlackElo "2596"]
[WhiteTeam "Doppelbauer Kiel"]
[BlackTeam "Africa"]
[WhiteFideId "12993190"]
[BlackFideId "10601619"]
[EventDate "2023.08.26"]

1. e4 c5 2. Nf3 Nf6 3. e5 Nd5 4. Nc3 Nxc3 5. dxc3 Nc6 6. Bf4 Qc7 7. Qd2 e6 8. h4
h6 9. Bd3 b6 10. O-O-O Rb8 11. Kb1 b5 12. Be4 Na5 13. b3 Rb6 14. g4 Ra6 15. Qe3
Nc6 16. g5 Qa5 17. Kc1 c4 18. Bxc6 Rxc6 19. b4 Qa3+ 20. Kd2 Bb7 21. gxh6 gxh6
22. Nd4 Rb6 23. Rhg1 Bd5 24. Ke2 Kd8 25. Rg3 Kc7 26. h5 a5 27. bxa5 Qxa5 28. Rb1
Kb7 29. Rgg1 Bc5 30. Rb2 Ba3 31. Rbb1 Qa4 32. Qd2 b4 33. cxb4 c3 34. Qd3 Rc8 35.
Ke3 Bb2 36. Bxh6 Rxb4 37. Bg7 Rcc4 38. Rg4 f5 39. exf6 e5 40. Nb3 Re4+ 41. Rxe4
Rxe4+ 42. Kf3 Rf4+ 43. Ke2 Kc6 44. Ke1 Re4+ 45. Kd1 Rh4 46. Rxb2 Qg4+ 0-1

[Event "World Rapid Team 2023"]
[Site "Dusseldorf GER"]
[Date "2023.08.28"]
[Round "11.12"]
[Board "2"]
[White "Bellahcene, Bilel"]
[Black "Arndt, Magnus"]
[Result "1-0"]
[WhiteTitle "GM"]
[BlackTitle "FM"]
[WhiteElo "2515"]
[BlackElo "2405"]
[WhiteTeam "Africa"]
[BlackTeam "Doppelbauer Kiel"]
[WhiteFideId "696358"]
[BlackFideId "12998656"]
[EventDate "2023.08.26"]

1. d4 Nf6 2. c4 e6 3. Nf3 a6 4. e3 d5 5. b3 b6 6. Bd3 Bb7 7. O-O Nbd7 8. Bb2 Bd6
9. Nbd2 O-O 10. cxd5 exd5 11. Ne5 Ne4 12. Rc1 Nxd2 13. Qxd2 Re8 14. Qc2 g6 15.
f4 Qe7 16. Rf3 f6 17. Nxg6 hxg6 18. Bxg6 Kf8 19. Rh3 Qxe3+ 20. Rxe3 Rxe3 21. Qf5
Ke7 22. Rf1 Rg8 23. Qh5 Kd8 24. Bc1 Re7 25. f5 Re4 26. Qh7 Rf8 27. Bh6 Re7 28.
Bxf8 Rxh7 29. Bxd6 Rh4 30. Bf4 c5 31. g3 Rh8 32. Rd1 Nf8 33. h4 Ke7 34. Re1+ Kd7
35. Be8+ Kd8 36. h5 Bc8 37. g4 Ne6 38. Rxe6 Bxe6 39. Bg6 Bd7 40. g5 Ke7 41.
gxf6+ Kf8 42. Bd6+ Kg8 43. h6 Bxf5 44. f7# 1-0

[Event "World Rapid Team 2023"]
[Site "Dusseldorf GER"]
[Date "2023.08.28"]
[Round "11.12"]
[Board "3"]
[White "Ermitsch, Magnus"]
[Black "Solomon, Kenny"]
[Result "1-0"]
[WhiteTitle "FM"]
[BlackTitle "GM"]
[WhiteElo "2221"]
[BlackElo "2324"]
[WhiteTeam "Doppelbauer Kiel"]
[BlackTeam "Africa"]
[WhiteFideId "16234464"]
[BlackFideId "14300192"]
[EventDate "2023.08.26"]

1. e4 c5 2. Nf3 d6 3. d4 cxd4 4. Nxd4 Nf6 5. Nc3 a6 6. Bg5 Nbd7 7. Bc4 Qb6 8.
Bb3 e6 9. Bxf6 Nxf6 10. Qd2 Nd7 11. O-O-O Nc5 12. f4 Bd7 13. Kb1 O-O-O 14. f5
Nxb3 15. cxb3 Kb8 16. Rhf1 g6 17. fxe6 fxe6 18. Rf7 Qa5 19. Qf4 e5 20. Qf6 exd4
21. Qxh8 Qe5 22. Qxe5 dxe5 23. Nd5 h5 24. Rf6 Bg4 25. Rdf1 Bh6 26. Rxg6 Be2 27.
Rxh6 Bxf1 28. Kc1 Bxg2 29. Rxh5 Bxe4 30. Nf6 Rc8+ 31. Kd2 Bb1 32. Rxe5 Rc2+ 33.
Kd1 Rxh2 34. Re2 Rh1+ 35. Kd2 Bxa2 36. Nd7+ Kc7 37. Nc5 Bb1 38. Ne6+ Kd7 39.
Nxd4 Rh3 40. Kc1 Rh1+ 41. Kd2 Rh3 42. Re3 Rh2+ 43. Kc3 a5 44. Re5 b6 45. Re6
Rh3+ 46. Kc4 Bd3+ 47. Kd5 Rh5+ 48. Re5 Rh6 49. Rg5 Rh7 50. Nf3 Kc7 51. Ne5 Bc2
52. Rg3 Kb7 53. Kc4 Rc7+ 54. Kd4 Rh7 55. Kc3 Be4 56. Nc4 Rd7 57. b4 axb4+ 58.
Kxb4 Rh7 59. Nd6+ Kc6 60. Nxe4 Rh4 61. Re3 Kd5 62. Kb5 Rh2 63. Nc3+ Kd4 64. Re4+
Kd3 65. Rb4 Rh6 66. Na4 Kc2 67. Nxb6 Rh1 68. Nc4 Rh5+ 69. Ka4 Kc1 70. b3 Kc2 71.
Na3+ Kb2 72. Rg4 Rh8 73. Rg2+ Ka1 74. b4 Rh4 75. Rg1+ Kb2 76. Nb5 Rh8 77. Rg2+
Kc1 78. Nd4 1-0

[Event "World Rapid Team 2023"]
[Site "Dusseldorf GER"]
[Date "2023.08.28"]
[Round "11.12"]
[Board "4"]
[White "Moueden, Mohamed Amine"]
[Black "Stegert, Jonas"]
[Result "1-0"]
[WhiteElo "1953"]
[BlackElo "1832"]
[WhiteTeam "Africa"]
[BlackTeam "Doppelbauer Kiel"]
[WhiteFideId "7902018"]
[BlackFideId "16247965"]
[EventDate "2023.08.26"]

1. e4 c6 2. Nf3 d5 3. Nc3 e6 4. d4 Nf6 5. Bd3 Bb4 6. e5 Nfd7 7. a3 Bxc3+ 8. bxc3
c5 9. O-O c4 10. Be2 O-O 11. Ne1 Qa5 12. Qd2 Nb6 13. Qe3 N8d7 14. f4 f5 15. g4
Na4 16. Bd2 Ndb6 17. gxf5 exf5 18. Kh1 Be6 19. Rg1 g6 20. Nf3 Nc8 21. Ng5 Qa6
22. Qh3 Rf7 23. Nxf7 Bxf7 24. Be1 Kg7 25. Bh4 h6 26. Qxf5 Nxc3 27. Bh5 Kf8 28.
Bxg6 Qe6 29. Qxe6 Bxe6 30. f5 Bg8 31. e6 Ne2 32. Rge1 Nxd4 33. e7+ Nxe7 34.
Bxe7+ Kg7 35. Rg1 Bf7 36. f6+ Kg8 37. Bh5+ Kh8 38. Bxf7 b5 39. Bxd5 Rb8 40. f7
b4 41. Rg8+ Kh7 42. Rxb8 Ne6 43. Bxe6 b3 44. f8=Q h5 45. Bf5# 1-0

[Event "World Rapid Team 2023"]
[Site "Dusseldorf GER"]
[Date "2023.08.28"]
[Round "11.12"]
[Board "5"]
[White "Braeutigam, Alexander"]
[Black "February, Jesse Nikki"]
[Result "1-0"]
[BlackTitle "WIM"]
[WhiteElo "1911"]
[BlackElo "1849"]
[WhiteTeam "Doppelbauer Kiel"]
[BlackTeam "Africa"]
[WhiteFideId "16245210"]
[BlackFideId "14312336"]
[EventDate "2023.08.26"]

1. c4 c5 2. Nc3 Nc6 3. g3 g6 4. Bg2 Bg7 5. d3 e6 6. e4 Nge7 7. Nge2 O-O 8. O-O
d6 9. Be3 Nd4 10. f4 Bd7 11. Rb1 Qa5 12. a3 Rab8 13. Bd2 Qa6 14. Kh1 b5 15. Nxd4
Bxd4 16. cxb5 Bxb5 17. Nxb5 Rxb5 18. Qc2 Rfb8 19. Bc3 Nc6 20. f5 Ne5 21. fxe6
fxe6 22. Bxd4 cxd4 23. Qf2 R5b7 24. Bh3 d5 25. Qf6 Nf7 26. Bxe6 Rb6 27. Qxf7+
Kh8 28. Qf6# 1-0

[Event "World Rapid Team 2023"]
[Site "Dusseldorf GER"]
[Date "2023.08.28"]
[Round "11.12"]
[Board "6"]
[White "Odiah, Isaac Babu"]
[Black "Braeutigam, Katerina"]
[Result "0-1"]
[WhiteElo "1893"]
[BlackElo "1884"]
[WhiteTeam "Africa"]
[BlackTeam "Doppelbauer Kiel"]
[WhiteFideId "10800549"]
[BlackFideId "16242980"]
[EventDate "2023.08.26"]

1. d4 Nf6 2. c4 e6 3. a3 b6 4. Nc3 Bb7 5. Nf3 Be7 6. Bg5 d5 7. Bxf6 Bxf6 8. cxd5
exd5 9. e3 O-O 10. Bd3 Re8 11. O-O Nd7 12. Rc1 c5 13. Nb5 Bc6 14. Nd6 Re6 15.
Nf5 g6 16. Nh6+ Kf8 17. b3 Bg7 18. Ng4 f5 19. Nge5 Nxe5 20. dxe5 Bxe5 21. Nxe5
Rxe5 22. Qc2 Qh4 23. Qd2 Rae8 24. Rce1 d4 25. exd4 Qg4 26. Qh6+ Kg8 27. f3 Qxd4+ 0-1

[Event "World Rapid Team 2023"]
[Site "Dusseldorf GER"]
[Date "2023.08.28"]
[Round "11.13"]
[Board "1"]
[White "Leonard, Timo"]
[Black "Shamsi, Mohammadhossein"]
[Result "0-1"]
[BlackTitle "CM"]
[WhiteElo "2223"]
[BlackElo "2217"]
[WhiteTeam "Wensing & Poebel"]
[BlackTeam "PhileKhoob Chess Club"]
[WhiteFideId "16208757"]
[BlackFideId "12507326"]
[EventDate "2023.08.26"]

1. d4 Nf6 2. c4 g6 3. Nc3 d5 4. Nf3 Bg7 5. Qb3 dxc4 6. Qxc4 O-O 7. e4 Nc6 8. Be2
e5 9. d5 Nd4 10. Nxd4 exd4 11. Qxd4 c6 12. Qc4 cxd5 13. exd5 Bf5 14. O-O Re8 15.
Bf3 Rc8 16. Qb3 b6 17. Bg5 h6 18. Bxf6 Bxf6 19. Rad1 Qd6 20. Rfe1 Kg7 21. Rxe8
Rxe8 22. Qa4 Qe7 23. h3 Rd8 24. Qb3 Qd6 25. Nb5 Qc5 26. Nc3 Be5 27. Qb5 Qe7 28.
Qe2 Re8 29. Qd2 Qf6 30. Nb5 Bxh3 31. Nd4 Bd7 32. Nc6 Bxb2 33. Qb4 Be5 34. Nxe5
Qxe5 35. Qd4 Qxd4 36. Rxd4 Kf6 37. Kh2 Ke5 38. Rd2 Kd6 39. Kg3 Rc8 40. Kf4 Rc3
41. Ke4 b5 42. Be2 b4 43. Kd4 a5 44. Bc4 Rc1 45. Bb3 Bb5 46. g3 h5 47. Ke3 a4
48. Bd1 Rc3+ 49. Kd4 Rc4+ 50. Ke3 Rc1 51. Be2 Bxe2 52. Kxe2 Rc5 53. Rd4 Rb5 54.
Kd2 Rxd5 0-1

[Event "World Rapid Team 2023"]
[Site "Dusseldorf GER"]
[Date "2023.08.28"]
[Round "11.13"]
[Board "3"]
[White "Garbuz, Vitaliy"]
[Black "Kuckling, Hannah"]
[Result "1-0"]
[BlackTitle "WFM"]
[WhiteElo "2154"]
[BlackElo "2057"]
[WhiteTeam "Wensing & Poebel"]
[BlackTeam "PhileKhoob Chess Club"]
[WhiteFideId "12990710"]
[BlackFideId "24603660"]
[EventDate "2023.08.26"]

1. e4 c5 2. d4 cxd4 3. c3 Nf6 4. e5 Nd5 5. Nf3 Nc6 6. Bc4 Nb6 7. Bb3 g6 8. cxd4
Bg7 9. O-O O-O 10. Nc3 d6 11. exd6 Qxd6 12. Be3 Bg4 13. d5 Ne5 14. Ne4 Qd8 15.
Nc5 Nxf3+ 16. gxf3 Bh3 17. Re1 Qc7 18. Qd2 Rad8 19. Rac1 Qb8 20. Bf4 e5 21. dxe6
Rxd2 22. exf7+ Kh8 23. Bxb8 Bd4 24. Be5+ Bxe5 25. Rxe5 Rxb2 26. Nxb7 Kg7 27. Nd6
Nd7 28. Ra5 Rd2 29. Ne8+ Kh8 30. Nc7 Re2 31. f4 Nf6 32. Bc4 Re4 33. Nd5 Nxd5 34.
Bxd5 Rxf4 35. Rxa7 Rd4 36. Bf3 Be6 37. Rcc7 Rb4 38. Kg2 Rf4 39. Re7 Bxf7 40. Kg3
Rf6 41. Bd5 Kg8 42. Rxf7 R6xf7 43. Rxf7 Rxf7 44. a4 1-0

[Event "World Rapid Team 2023"]
[Site "Dusseldorf GER"]
[Date "2023.08.28"]
[Round "11.13"]
[Board "4"]
[White "Bahmani, Koorosh"]
[Black "Bartelt, Max Peter"]
[Result "1/2-1/2"]
[WhiteElo "1873"]
[BlackElo "2025"]
[WhiteTeam "PhileKhoob Chess Club"]
[BlackTeam "Wensing & Poebel"]
[WhiteFideId "42576750"]
[BlackFideId "12967289"]
[EventDate "2023.08.26"]

1. Nf3 Nf6 2. g3 g6 3. Bg2 Bg7 4. O-O O-O 5. d4 c5 6. c4 cxd4 7. Nxd4 Nc6 8. Nc3
a6 9. e3 Rb8 10. b3 Qc7 11. Bb2 d6 12. Rc1 Nxd4 13. Qxd4 Qc5 14. Nd5 Re8 15.
Qxc5 dxc5 16. Be5 Nxd5 17. Bxb8 Nc3 18. Ba7 Ne2+ 19. Kh1 Nxc1 20. Rxc1 Bb2 21.
Rd1 Ba3 22. Bb6 Kg7 23. h3 Kf6 24. f4 Bb4 25. Bc7 Kg7 26. Kg1 Rh8 27. a4 a5 28.
Kf2 Bf5 29. Bxb7 Bxh3 30. Bf3 h5 31. Be5+ f6 32. Bb2 Kf7 33. e4 Bg4 34. e5 Bxf3
35. Kxf3 Ke6 36. exf6 exf6 37. Rd3 h4 38. gxh4 Rxh4 39. Kg3 Be1+ 40. Kg2 Rg4+
41. Kh3 Rh4+ 42. Kg2 Rg4+ 43. Kh3 Rh4+ 44. Kg2 Rg4+ 45. Kh3 1/2-1/2

[Event "World Rapid Team 2023"]
[Site "Dusseldorf GER"]
[Date "2023.08.28"]
[Round "11.13"]
[Board "5"]
[White "Kesselmeier, Kevin"]
[Black "Shahsanam, Alireza"]
[Result "1-0"]
[WhiteElo "2011"]
[BlackElo "1782"]
[WhiteTeam "Wensing & Poebel"]
[BlackTeam "PhileKhoob Chess Club"]
[WhiteFideId "16217551"]
[BlackFideId "12517887"]
[EventDate "2023.08.26"]

1. e4 e6 2. d4 d5 3. Nc3 Bb4 4. e5 c5 5. a3 Bxc3+ 6. bxc3 Ne7 7. Qg4 O-O 8. Bd3
Nbc6 9. Nf3 Qc7 10. Bxh7+ Kxh7 11. Qh5+ Kg8 12. Ng5 Rd8 13. Qh7+ Kf8 14. Qh8+
Ng8 15. Nh7+ Ke7 16. Qxg7 cxd4 17. Bg5+ Kd7 18. Qxf7+ Nce7 19. Nf6+ Nxf6 20.
exf6 Qe5+ 21. Kf1 Qxg5 22. Qxe7+ Kc6 23. Qxd8 dxc3 24. Qe8+ Bd7 25. Qxa8 Qxf6
26. Rb1 Kd6 27. Qxb7 d4 28. Qxa7 d3 29. Qa6+ Ke7 30. Qxd3 Qh6 31. Qxc3 Qg5 32.
h4 Qg4 33. Qb4+ 1-0

[Event "World Rapid Team 2023"]
[Site "Dusseldorf GER"]
[Date "2023.08.28"]
[Round "11.13"]
[Board "6"]
[White "Mirzaiee Rad, Javad"]
[Black "Moeller, Lisa-Marie"]
[Result "1-0"]
[WhiteElo "1721"]
[BlackElo "1899"]
[WhiteTeam "PhileKhoob Chess Club"]
[BlackTeam "Wensing & Poebel"]
[WhiteFideId "42543819"]
[BlackFideId "12959367"]
[EventDate "2023.08.26"]

1. e4 c5 2. Nf3 e6 3. d4 cxd4 4. Nxd4 a6 5. Nc3 b5 6. a3 Bb7 7. Bd3 Qb6 8. Be3
Bc5 9. Nce2 Nc6 10. c3 Qa7 11. b4 Bb6 12. a4 bxa4 13. Rxa4 Nf6 14. Nxc6 dxc6 15.
Nd4 O-O 16. O-O c5 17. Nb5 Qb8 18. bxc5 axb5 19. Rxa8 Qxa8 20. cxb6 Nxe4 21.
Bxe4 Bxe4 22. f3 Bd5 23. Qa1 Qb7 24. Qa7 e5 25. Qxb7 Bxb7 26. Rd1 Rb8 27. Rd7
Kf8 28. Bc5+ Ke8 29. Re7+ Kd8 30. Rxf7 Bc8 31. Rxg7 Rb7 32. Rxb7 Bxb7 33. Kf2
Kd7 34. Ke2 Kc6 35. Bf2 Kd5 36. Kd3 h5 37. g4 hxg4 38. fxg4 Ke6 39. h4 Kf6 40.
c4 e4+ 41. Kd4 bxc4 42. Kxc4 Kg6 43. Be3 Ba8 1-0

[Event "World Rapid Team 2023"]
[Site "Dusseldorf GER"]
[Date "2023.08.28"]
[Round "11.14"]
[Board "1"]
[White "Bologan, Victor"]
[Black "Lux, Hugo de Melo"]
[Result "0-1"]
[WhiteTitle "GM"]
[BlackTitle "FM"]
[WhiteElo "2574"]
[BlackElo "2324"]
[WhiteTeam "FIDE Management Board"]
[BlackTeam "Ecole Polytechnique Francaise de Lausanne"]
[WhiteFideId "13900048"]
[BlackFideId "2138298"]
[EventDate "2023.08.26"]

1. e4 c5 2. Nf3 e6 3. d3 d5 4. Qe2 Be7 5. g3 Nc6 6. Bg2 Nf6 7. O-O b5 8. e5 Nd7
9. h4 h6 10. h5 O-O 11. Re1 a5 12. Nbd2 a4 13. Nf1 b4 14. N1h2 Ba6 15. Ng4 c4
16. dxc4 Bxc4 17. Qd1 Qb6 18. Be3 Bc5 19. Bxh6 gxh6 20. Qd2 Ne7 21. b3 Bb5 22.
Bh3 Nf5 23. Nh4 Rfc8 24. Nxf5 exf5 25. Nxh6+ Kf8 26. Qg5 Bxf2+ 27. Kh1 Bxe1 28.
Rxe1 Qf2 29. Rc1 Nxe5 30. Qg8+ Ke7 31. Qg5+ Kf8 32. Qg8+ Ke7 33. Qg5+ Kd7 34.
Bxf5+ Kc7 0-1